Economía y ética en la obra de Adam Smith: la visión moral del capitalismo. Segunda Parte = Economy and ethics in Adam Smith's work : the moral vision of capitalism. Part 2 /
में बचाया:
| मुख्य लेखक: | |
|---|---|
| स्वरूप: | मूलपाठ |
| टैग: |
टैग जोड़ें
कोई टैग नहीं, इस रिकॉर्ड को टैग करने वाले पहले व्यक्ति बनें!
|
MARC
| LEADER | 00000 a a2200000 04500 | ||
|---|---|---|---|
| 001 | 40710 | ||
| 003 | |||
| 040 | |||
| 100 | |a Cuevas Moreno, Ricardo | ||
| 245 | |a Economía y ética en la obra de Adam Smith: la visión moral del capitalismo. Segunda Parte = |b Economy and ethics in Adam Smith's work : the moral vision of capitalism. Part 2 / |c Ricardo Cuevas Moreno | ||
| 500 | |a rcuevasfr@yahoo.fr | ||
| 773 | |g volumen34, número2 ( , 2009), páginas 206-233 | ||
| 999 | |c 27000 |d 27000 | ||
